000 00208nam a2200085Ia 4500
008 120527s9999 xx 000 0 und d
100 _aKorein, Julius
245 _aBrain death: Interelated medical
942 _cBK
999 _c27412
_d27412